Política empresarial con análisis de casos

Saved in:
Bibliografiske detaljer
Hovedforfatter: McNichols, Thomas J. (autor)
Format: Bog
Sprog:spansk
Udgivet: Bogotá McGraw-Hill 1978
Fag:
Tags: Tilføj Tag
Ingen Tags, Vær først til at tagge denne postø!

MARC

LEADER 00000nam a2200000 a 4500
001 UCR9569
003 CL-VaPUC
008 980613e19780000CK |||||||||||||||||spa|d
082 0 4 |a 658.401  |b MCN  |2 21 
100 |a McNichols, Thomas J.  |e autor  |9 412241 
245 1 0 |a Política empresarial con análisis de casos 
300 |a 150 p 
942 |c BK 
945 |d 19980613 00:00:00  |a cmena 
260 |a Bogotá  |b McGraw-Hill  |c 1978 
650 0 |a Administración de empresas   |9 260833 
650 0 |a Planificación estratégica   |9 259735 
650 0 |a Análisis de la información  |9 306986 
650 7 |a FORMULACION DE POLITICAS  |2 CL-VaPUC  |9 412242 
650 0 |a Investigación operativa  |9 259383 
583 |a last modification  |c 19980613 00:00:00  |k Rodrigo Vera 
999 |c 270756  |d 270754 
952 |0 0  |1 0  |4 0  |6 658_401000000000000_MCN_1978  |7 0  |8 A  |9 305154  |a BIBGIM  |b BIBGIM  |d 2019-11-20  |i 1419072  |o 658.401 MCN 1978  |p 1419072  |r 2025-01-15  |w 2019-11-20  |y BK  |k COM